| 000 | 00774nam a2200229 a 4500 | ||
|---|---|---|---|
| 005 | 20210223133306.0 | ||
| 008 | 170524s2016 mx r 000 0 spa d | ||
| 020 | _a9786079419721 (INEHRM) | ||
| 020 | _a9786074847567 (INAH) | ||
| 035 | _aUPN01000218132 | ||
| 049 | _aCG | ||
| 050 | 4 |
_aF1234 _bR6.7 |
|
| 100 | 1 |
_aRocha Islas, Martha Eva _940553 |
|
| 245 | 1 | 4 |
_aLos rostros de la rebeldía : _bveteranas de la revolución mexicana, 1910-1939 / _cMartha Eva Rocha Islas. |
| 260 |
_aMéxico : _bINEHRM : _bINAH, _c2016. |
||
| 300 |
_a559 p. : _bil. |
||
| 440 | 0 | _aHistoria | |
| 651 | 4 |
_aMEXICO - _xHISTORIA - _yREVOLUCION, 1910-1917 - _xMUJERES _925940 |
|
| 650 | 4 |
_aMUJERES REVOLUCIONARIAS - _zMEXICO - _xHISTORIA - _ySIGLO XX _925941 |
|
| 905 | _aLibro | ||
| 999 |
_c190232 _d190232 |
||